2024 Election Night - Statistics

General Stats
  • This quiz has been taken 49 times
  • The average score is 34 of 56
Answer Stats
Time Called EST Electoral Votes Answer % Correct
7:05 PM 11 Indiana
94%
7:06 PM 3 Vermont
90%
9:12 PM 40 Texas
87%
11:00 PM 54 California
84%
9:00 PM 28 New York
81%
8:01 PM 30 Florida
77%
7:06 PM 8 Kentucky
77%
9:21 PM 11 Arizona
71%
Nov. 9, 6:15 AM 6 Nevada
71%
5:00 PM 3 Alaska
68%
7:30 PM 4 West Virginia
68%
8:00 PM 7 Connecticut
65%
8:38 PM 19 Illinois
65%
4:23 PM 2 Maine
65%
12:54 PM 15 Michigan
65%
8:30 PM 14 New Jersey
65%
2:24 AM 19 Pennsylvania
65%
11:00 PM 12 Washington
65%
8:00 PM 9 Alabama
61%
8:34 PM 3 Delaware
61%
10:20 PM 3 District of Columbia
61%
12:58 AM 16 Georgia
61%
Wed. 12:00 AM 4 Hawaii
61%
8:00 PM 10 Maryland
61%
8:00 PM 11 Massachusetts
61%
11:23 PM 8 Oregon
61%
8:00 PM 4 Rhode Island
61%
10:08 PM 10 Colorado
58%
9:00 PM 2 Nebraska
58%
11:18 PM 16 North Carolina
58%
9:00 PM 3 North Dakota
58%
9:08 PM 17 Ohio
58%
9:00 PM 3 South Dakota
58%
5:34 AM 10 Wisconsin
58%
11:00 PM 4 Idaho
55%
2:47 AM 10 Minnesota
55%
1:16 AM 4 New Hampshire
55%
11:33 PM 5 New Mexico
55%
8:00 PM 7 Oklahoma
55%
8:00 PM 11 Tennessee
55%
11:42 PM 13 Virginia
55%
9:00 PM 3 Wyoming
55%
8:30 PM 6 Arkansas
52%
10:40 PM 6 Iowa
52%
9:00 PM 8 Louisiana
52%
10:45 PM 1 Maine-1
52%
8:00 PM 6 Mississippi
52%
12:08 AM 1 Nebraska-2
52%
10:39 PM 6 Kansas
48%
1:51 AM 1 Maine-2
48%
9:49 PM 10 Missouri
48%
10:00 PM 4 Montana
48%
1:01 AM 1 Nebraska-1
48%
9:25 PM 1 Nebraska-3
48%
8:01 PM 9 South Carolina
48%
10:00 PM 6 Utah
48%
No matching quizzes found
Score Distribution
Percent of People with Each Score
Percentile by Number Answered
Your Score History
You have not taken this quiz